Počítačová grafika na osobných mikropočítačoch Dodatok k zborníku "Výpočtová technika pre pedagogických pracovníkov". Kurz
Salvato in:
| Autore principale: | |
|---|---|
| Natura: | Libro |
| Lingua: | slovacco |
| Pubblicazione: |
Bratislava
Dom techn. ČSVTS
1988
|
| Edizione: | 1. vyd. |
| Tags: |
Nessun Tag, puoi essere il primo ad aggiungerne!!
|
MARC
| LEADER | 00000nam a2200000 4500 | ||
|---|---|---|---|
| 001 | c040986 | ||
| 005 | 20221219092003.8 | ||
| 041 | 0 | |a slo | |
| 044 | |a SK | ||
| 245 | 1 | 0 | |a Počítačová grafika na osobných mikropočítačoch |b Dodatok k zborníku "Výpočtová technika pre pedagogických pracovníkov". Kurz |c Ján Kotúč |
| 250 | |a 1. vyd. | ||
| 264 | 1 | |a Bratislava |b Dom techn. ČSVTS |c 1988 | |
| 300 | |a 75 s. | ||
| 100 | 1 | |a Kotúč, Ján | |